[Event "USA tt"]
[Site "ICC INT"]
[Date "2009.10.05"]
[Round "6"]
[White "Sivakumar, Kavinayan"]
[Black "Rosen, Eric S"]
[Result "1/2-1/2"]
[WhiteElo "1992"]
[BlackElo "2141"]
[PlyCount "108"]
[EventDate "2009.08.31"]
[EventType "team (rapid)"]
[EventRounds "10"]
[EventCountry "USA"]
[SourceTitle "CBM 132 Extra"]
[Source "ChessBase"]
[SourceDate "2009.11.03"]
[SourceVersion "1"]
[SourceVersionDate "2009.11.03"]
[SourceQuality "1"]

1. e4 e5 2. Nf3 Nc6 3. Bc4 Bc5 4. c3 Nf6 5. d3 a6 6. Bb3 d6 7. 0-0 Ba7 8. Nbd2 Ne7 9. Re1 Ng6 10. Nf1 0-0 11. Ng3 Bg4 12. h3 Be6 13. d4 c6 14. Bxe6 fxe6 15. dxe5 dxe5 16. Qb3 Qc8 17. Be3 Bxe3 18. Rxe3 Rd8 19. Ng5 Nf4 20. Nf5 Kf8 21. g3 h6 22. gxf4 hxg5 23. fxg5 Nh5 24. Nh4 Nf4 25. Rf3 Kg8 26. Ng2 Nxg2 27. Kxg2 Qd7 28. h4 Rf8 29. Qd1 Qe7 30. Qe2 Rxf3 31. Qxf3 Rf8 32. Qg3 Rf4 33. f3 Qd8 34. Qe1 Qd3 35. Qf2 Rf8 36. Re1 Rd8 37. Re2 Qd1 38. Qf1 Qd3 39. Qf2 Qd1 40. Rc2 Rd3 41. Qe2 Kf7 42. Qxd1 Rxd1 43. h5 Rd8 44. Kg3 Rd1 45. Rg2 Rh1 46. Kg4 a5 47. b3 Ke7 48. c4 b6 49. a3 Kf7 50. Rf2 Rg1+ 51. Kh4 Rh1+ 52. Kg4 Rg1+ 53. Kh4 Rh1+ 54. Kg4 Rg1+ 1/2-1/2